[Event "Schachfestival Senioren"]
[Site "Bad Woerishofen"]
[Date "2023.03.03"]
[Round "1.1"]
[White "Krotofil, Kurt"]
[Black "Baum, Bernd"]
[Result "0-1"]
[WhiteElo "1817"]
[BlackElo "2272"]
[PlyCount "66"]
[EventDate "2023.??.??"]
[WhiteTeam "Niendorfer TSV 1919 SAbt"]
[BlackTeam "SK Marburg 1931/72"]

1. d4 d5 2. c4 e6 3. Nc3 a6 4. cxd5 exd5 5. Bf4 Nf6 6. e3 Bd6 7. Bxd6 Qxd6 8. Nf3 O-O 9. Be2 Nbd7 10. O-O Re8 11. Qc2 Nf8 12. Rfd1 Bg4 13. Rac1 c6 14. Na4 Ne4 15. Nc5 Re7 16. h3 Bh5 17. Nh4 Bg6 18. Nxg6 Nxg6 19. Nxe4 Rxe4 20. Bd3 Re6 21. Qc5 Qd8 22. b4 Qg5 23. Bxg6 Rxg6 24. g3 Re8 25. Re1 h5 26. Kh2 Rf6 27. f4 Qf5 28. Qc2 Re4 29. Qg2 Qe6 30. Rc3 Rxd4 31. Re2 Rxb4 32. Qf3 Re4 33. h4 g6 0-1

[Event "Schachfestival Senioren"]
[Site "Bad Woerishofen"]
[Date "2023.03.03"]
[Round "1.2"]
[White "Koehler, Gerhard"]
[Black "Teubner, Wolfgang"]
[Result "1-0"]
[WhiteElo "2244"]
[BlackElo "1817"]
[PlyCount "103"]
[EventDate "2023.??.??"]
[WhiteTeam "USV Halle/ Saale"]
[BlackTeam "SF Blaustein"]

1. c4 f5 2. g3 Nf6 3. Bg2 g6 4. d4 Bg7 5. Nc3 O-O 6. Nh3 Nc6 7. O-O Qe8 8. Nb5 Qd8 9. d5 Ne5 10. b3 a6 11. Nd4 Nf7 12. Bb2 d6 13. Nf4 Ng5 14. h4 Nge4 15. Nde6 Bxe6 16. Nxe6 Qd7 17. Nxf8 Rxf8 18. e3 e5 19. dxe6 Qxe6 20. Qd3 c6 21. Rad1 h6 22. Rfe1 Rd8 23. a4 Rd7 24. Bd4 d5 25. cxd5 Rxd5 26. Qc4 b5 27. Qc2 c5 28. Bxf6 Rxd1 29. Rxd1 Nxf6 30. axb5 axb5 31. Qxc5 Qxb3 32. Bd5+ Nxd5 33. Qxd5+ Qxd5 34. Rxd5 b4 35. Rb5 Bc3 36. Rb7 Kf8 37. Kf1 Kg8 38. Ke2 Kf8 39. h5 g5 40. f3 Kg8 41. g4 fxg4 42. fxg4 Kf8 43. Kd3 Kg8 44. Ke4 Kf8 45. Kf5 Ke8 46. e4 Kd8 47. e5 Kc8 48. Rb5 Kd7 49. e6+ Kc6 50. Rb8 Kc7 51. e7 Kxb8 52. e8=Q+ 1-0

[Event "Schachfestival Senioren"]
[Site "Bad Woerishofen"]
[Date "2023.03.03"]
[Round "1.3"]
[White "Bohlin, Jan"]
[Black "Luciani, Carlo"]
[Result "0-1"]
[WhiteElo "1814"]
[BlackElo "2194"]
[PlyCount "148"]
[EventDate "2023.??.??"]
[WhiteTeam "Majornas 03"]

1. d4 Nf6 2. c4 g6 3. Nc3 Bg7 4. e4 d6 5. Be2 O-O 6. Bg5 c5 7. d5 Qa5 8. Bd2 Na6 9. Nf3 Bg4 10. a3 Nd7 11. O-O Qd8 12. h3 Bxf3 13. Bxf3 Nc7 14. Be2 Rb8 15. Qc2 a6 16. a4 a5 17. Rad1 Na6 18. Qc1 Re8 19. Nb5 Nb4 20. Bc3 Na2 21. Qd2 Nxc3 22. Nxc3 Ra8 23. Rfe1 Nb8 24. Nb5 Na6 25. f4 Nc7 26. Nc3 Bd4+ 27. Kh1 e6 28. Bf3 Qf6 29. Ne2 e5 30. Nxd4 cxd4 31. fxe5 dxe5 32. Rf1 Qd6 33. Rc1 b6 34. Bg4 Na6 35. Rf2 Nc5 36. Qe2 Rf8 37. Rcf1 f6 38. h4 Kg7 39. h5 Qe7 40. Rf3 Nxa4 41. Qf2 Nc5 42. Qe2 Rf7 43. Ra3 Kh8 44. Rh3 Kg8 45. Qe1 Raf8 46. Qh4 Rg7 47. Kh2 a4 48. Rhf3 Rgf7 49. Rh3 g5 50. Qe1 h6 51. Bf5 Qd6 52. Ra3 Ra7 53. b4 Nb3 54. Be6+ Kh7 55. Qf2 f5 56. c5 bxc5 57. exf5 Rf6 58. bxc5 Qxc5 59. Qb2 Qd6 60. Rb1 e4+ 61. g3 Qb4 62. Rc1 Qd2+ 63. Qxd2 Nxd2 64. Rc8 e3 65. Kg2 Nb1 66. Ra1 Nc3 67. d6 Rf8 68. Rc7+ Rxc7 69. dxc7 d3 70. Kf3 d2 71. Kxe3 d1=Q 72. Rxd1 Nxd1+ 73. Kd2 a3 74. Kxd1 Rc8 0-1

[Event "Schachfestival Senioren"]
[Site "Bad Woerishofen"]
[Date "2023.03.03"]
[Round "1.4"]
[White "Kierzek, Matthias"]
[Black "Di Lazzaro, Gabriele"]
[Result "1-0"]
[WhiteElo "2177"]
[BlackElo "1810"]
[PlyCount "133"]
[EventDate "2023.??.??"]
[WhiteTeam "SC Fulda"]

1. d4 Nf6 2. c4 e5 3. dxe5 Ne4 4. a3 d6 5. Qc2 Bf5 6. Nc3 Nxc3 7. Qxf5 Na4 8. e6 fxe6 9. Qxe6+ Qe7 10. Qc8+ Qd8 11. Qxb7 Nb6 12. Qe4+ Qe7 13. Qxe7+ Bxe7 14. e3 O-O 15. Nf3 Bf6 16. Rb1 N8d7 17. b4 a5 18. Bd3 axb4 19. axb4 Bc3+ 20. Bd2 Bxd2+ 21. Nxd2 Kh8 22. Ke2 Ne5 23. f4 Nxd3 24. Kxd3 Ra3+ 25. Rb3 Ra2 26. Rhb1 Nd7 27. R1b2 Ra1 28. g3 Nf6 29. Ne4 Nd7 30. c5 d5 31. Nc3 c6 32. Kd4 Nf6 33. b5 cxb5 34. Rxb5 h5 35. c6 Rc8 36. Nxd5 Rxc6 37. Nxf6 Rxf6 38. Rxh5+ Kg8 39. e4 Ra4+ 40. Ke3 Ra3+ 41. Kf2 Rf8 42. Rhb5 Kh7 43. e5 g5 44. Rb7+ Kg6 45. R7b4 gxf4 46. Rxf4 Rxf4+ 47. gxf4 Kf5 48. Rb4 Rh3 49. Kg2 Ra3 50. Rd4 Rb3 51. Kf2 Rh3 52. Ke2 Rxh2+ 53. Kd3 Rh8 54. Kc4 Rc8+ 55. Kd5 Re8 56. Kc5 Rc8+ 57. Kb5 Rc1 58. Rc4 Rb1+ 59. Kc5 Rd1 60. Rd4 Rc1+ 61. Kd6 Rh1 62. e6 Rh6 63. Rd5+ Kxf4 64. Kd7 Ke4 65. Rd1 Kf5 66. e7 Rh7 67. Kd8 1-0

[Event "Schachfestival Senioren"]
[Site "Bad Woerishofen"]
[Date "2023.03.03"]
[Round "1.5"]
[White "Schmitt, Karl"]
[Black "Krueger, Erich"]
[Result "1/2-1/2"]
[WhiteElo "1808"]
[BlackElo "2176"]
[PlyCount "61"]
[EventDate "2023.??.??"]
[WhiteTeam "Bergische SF 1923 Bergisch Gladbach e. V."]
[BlackTeam "SF Essen-Katernberg 04/32 e. V."]

1. d4 Nf6 2. Nf3 g6 3. c4 Bg7 4. Nc3 d6 5. e4 O-O 6. h3 e5 7. d5 Na6 8. Bg5 h6 9. Be3 Nc5 10. Nd2 a5 11. g4 c6 12. Be2 cxd5 13. cxd5 Bd7 14. Rc1 Qe8 15. f3 b5 16. Nb3 Nxb3 17. axb3 Rc8 18. O-O b4 19. Na4 Rxc1 20. Bxc1 Bxa4 21. bxa4 Nd7 22. Bb5 Qe7 23. Be3 f5 24. Qc1 fxe4 25. fxe4 Rxf1+ 26. Qxf1 Nc5 27. Bxc5 dxc5 28. Bc4 Kh7 29. Qf2 Bf6 30. Kg2 Kg7 31. b3 1/2-1/2

[Event "Schachfestival Senioren"]
[Site "Bad Woerishofen"]
[Date "2023.03.03"]
[Round "1.6"]
[White "Schumacher, Gottfried"]
[Black "Laustsen, Karl-Johan"]
[Result "1/2-1/2"]
[WhiteElo "2148"]
[BlackElo "1804"]
[PlyCount "57"]
[EventDate "2023.??.??"]
[BlackTeam "1.FC Marktleuthen"]

1. Nf3 Nf6 2. g3 d5 3. Bg2 c6 4. b3 Bf5 5. Bb2 Nbd7 6. d3 h6 7. c4 e6 8. O-O Be7 9. Nc3 O-O 10. Qd2 Rc8 11. Rfd1 Qc7 12. Rac1 Qb8 13. e4 Bh7 14. e5 Ne8 15. cxd5 cxd5 16. d4 Nc7 17. Ne1 b5 18. Nd3 b4 19. Na4 a5 20. Ndc5 Nxc5 21. Nxc5 Rfd8 22. Bf1 Nb5 23. Na4 Qb7 24. Rxc8 Rxc8 25. Rc1 Rc6 26. Rxc6 Qxc6 27. Qe2 Nc7 28. f4 Be4 29. Kf2 1/2-1/2

[Event "Schachfestival Senioren"]
[Site "Bad Woerishofen"]
[Date "2023.03.03"]
[Round "1.7"]
[White "Huhn, Ulrich"]
[Black "Naeckel, Gerhard"]
[Result "0-1"]
[WhiteElo "1803"]
[BlackElo "2146"]
[PlyCount "74"]
[EventDate "2023.??.??"]
[WhiteTeam "SF Siemensstadt"]
[BlackTeam "SV Steinitz Puettlingen"]

1. d4 Nf6 2. Nc3 e6 3. e4 Bb4 4. Bd3 d6 5. f4 c5 6. Nf3 cxd4 7. Nxd4 Nc6 8. Nxc6 bxc6 9. O-O Qc7 10. Kh1 O-O 11. Be3 Nd7 12. g4 Bb7 13. g5 f5 14. Kg1 Bc5 15. Bxc5 Nxc5 16. exf5 exf5 17. Qf3 Qb6 18. Qf2 Rac8 19. Rab1 Ba6 20. Bxa6 Qxa6 21. Rfe1 Ne4 22. Qd4 d5 23. a3 Qb7 24. b4 Qc7 25. Rf1 Nxc3 26. Qxc3 Rf7 27. Qd2 Re8 28. Rf2 Qb6 29. Kg2 Re3 30. c3 Rfe7 31. b5 Qb7 32. Rb2 cxb5 33. Qd4 R3e4 34. Qd3 a6 35. Rbe2 Qc6 36. Rxe4 dxe4 37. Qe3 Rd7 0-1

[Event "Schachfestival Senioren"]
[Site "Bad Woerishofen"]
[Date "2023.03.03"]
[Round "1.8"]
[White "Daeubler, Heinrich"]
[Black "Eschle, Hubert"]
[Result "1/2-1/2"]
[WhiteElo "2145"]
[BlackElo "1776"]
[PlyCount "98"]
[EventDate "2023.??.??"]
[WhiteTeam "SF Haselmuehl/Amberg"]
[BlackTeam "SC Villingen-Schwenningen"]

1. d4 Nf6 2. c4 g6 3. Nc3 Bg7 4. e4 d6 5. Nge2 Nbd7 6. Ng3 c5 7. d5 O-O 8. Be2 a6 9. a4 h5 10. h3 Re8 11. Be3 Nf8 12. O-O Bd7 13. e5 N6h7 14. exd6 exd6 15. Bd3 f5 16. Bf4 Be5 17. Bxe5 Rxe5 18. Qd2 Qh4 19. Nge2 Rae8 20. Nf4 Qe7 21. Bc2 Qg5 22. Rad1 Nf6 23. Nd3 Qxd2 24. Rxd2 Ne4 25. Nxe4 Rxe4 26. b3 Nh7 27. f3 R4e7 28. Kf2 Ng5 29. Re1 Kg7 30. h4 Nf7 31. Rde2 Kf6 32. Rxe7 Rxe7 33. Rxe7 Kxe7 34. Ke3 a5 35. Kf4 Kf6 36. Nf2 Bc8 37. Nh3 Bd7 38. Bd1 Bc8 39. Be2 Bd7 40. Nf2 Bc8 41. g4 hxg4 42. fxg4 g5+ 43. hxg5+ Nxg5 44. gxf5 Bxf5 45. Bd1 Nh3+ 46. Nxh3 Bxh3 47. Bc2 b6 48. Bd3 Bd7 49. Bc2 Bh3 1/2-1/2

[Event "Schachfestival Senioren"]
[Site "Bad Woerishofen"]
[Date "2023.03.03"]
[Round "1.9"]
[White "Kleinhenz, Hans-Georg"]
[Black "Geyer, Bernhard"]
[Result "0-1"]
[WhiteElo "1796"]
[BlackElo "2145"]
[PlyCount "46"]
[EventDate "2023.??.??"]
[WhiteTeam "Stolberger SV 1927"]
[BlackTeam "SK Frankenthal"]

1. d4 d5 2. Nf3 Nf6 3. g3 c6 4. Bg2 g6 5. O-O Bg7 6. b3 O-O 7. Bb2 Bf5 8. Nbd2 Nbd7 9. c4 Rc8 10. Ne5 Nxe5 11. dxe5 Ng4 12. cxd5 cxd5 13. Nf3 Be4 14. h3 Nh6 15. Rc1 Qa5 16. a4 Qb4 17. g4 e6 18. Nd2 Bxg2 19. Kxg2 Nxg4 20. hxg4 Qxg4+ 21. Kh2 Rxc1 22. Qxc1 Qxe2 23. Qc3 Bh6 0-1

[Event "Schachfestival Senioren"]
[Site "Bad Woerishofen"]
[Date "2023.03.03"]
[Round "1.10"]
[White "Babar, Michael"]
[Black "Rumsey, Victor B"]
[Result "0-1"]
[WhiteElo "2143"]
[BlackElo "1696"]
[PlyCount "88"]
[EventDate "2023.??.??"]
[WhiteTeam "SC Hansa Dortmund e. V."]
[BlackTeam "Battersea"]

1. Nf3 d5 2. d4 Nf6 3. c4 e6 4. Nc3 Bb4 5. Qa4+ Nc6 6. a3 Bxc3+ 7. bxc3 O-O 8. Bg5 h6 9. Bh4 Bd7 10. Qc2 Na5 11. cxd5 exd5 12. e3 c5 13. dxc5 Rc8 14. Bd3 Rxc5 15. O-O Re8 16. Nd4 g5 17. Bg3 Ne4 18. Bxe4 dxe4 19. Qe2 Qe7 20. a4 Nc4 21. Rab1 b6 22. Nb3 Rcc8 23. Rbd1 f5 24. Qh5 Kg7 25. Qe2 Red8 26. Nd4 a6 27. h3 Qc5 28. Nb3 Qe7 29. Nd4 Qc5 30. h4 Qe7 31. Rb1 Be6 32. Rb4 a5 33. Rbb1 Rd7 34. Rb5 Rc5 35. Rxc5 bxc5 36. Nxf5+ Bxf5 37. Qxc4 gxh4 38. Bf4 h3 39. Rb1 hxg2 40. Rb8 Be6 41. Qe2 Qh4 42. Be5+ Kf7 43. Kxg2 Ke7 44. Rb1 Bg4 0-1

[Event "Schachfestival Senioren"]
[Site "Bad Woerishofen"]
[Date "2023.03.03"]
[Round "1.11"]
[White "Knischka, Walter"]
[Black "Kroell, Johannes"]
[Result "0-1"]
[WhiteElo "1795"]
[BlackElo "2127"]
[PlyCount "64"]
[EventDate "2023.??.??"]
[WhiteTeam "SK Oberguenzburg"]
[BlackTeam "Reutte"]

1. d4 b5 2. Bf4 Bb7 3. e3 e6 4. Nf3 a6 5. Nbd2 d6 6. Bd3 Be7 7. h3 Nd7 8. Qe2 Ngf6 9. Bh2 c5 10. c3 Qc7 11. O-O O-O 12. Rac1 Rfe8 13. b4 c4 14. Bb1 e5 15. dxe5 dxe5 16. Rfd1 Bd6 17. Nf1 Rad8 18. Rd2 Nb6 19. Bc2 Ne4 20. Bxe4 Bxe4 21. Ne1 Na4 22. f3 Bb7 23. e4 Be7 24. Ne3 Bg5 25. h4 Bxh4 26. Nd5 Bxd5 27. Rxd5 Bg5 28. Rxd8 Qxd8 29. Rc2 f6 30. Bg3 Qd6 31. Bf2 Bd2 32. Be3 Bxc3 0-1

[Event "Schachfestival Senioren"]
[Site "Bad Woerishofen"]
[Date "2023.03.03"]
[Round "1.12"]
[White "Schatz, Christian"]
[Black "Speicher, Franz"]
[Result "1/2-1/2"]
[WhiteElo "2127"]
[BlackElo "1790"]
[PlyCount "27"]
[EventDate "2023.??.??"]
[WhiteTeam "SC Postbauer-Heng e.V"]
[BlackTeam "Dicker Turm Esslingen"]

1. Nf3 d5 2. d4 e6 3. c4 c5 4. cxd5 exd5 5. Nc3 Nc6 6. Bg5 Be7 7. Bxe7 Ngxe7 8. e3 Bg4 9. Be2 c4 10. O-O O-O 11. b3 Qa5 12. Rc1 b5 13. bxc4 dxc4 14. d5 1/2-1/2

[Event "Schachfestival Senioren"]
[Site "Bad Woerishofen"]
[Date "2023.03.03"]
[Round "1.13"]
[White "Hager, Eberhard"]
[Black "Bhend, Edwin"]
[Result "0-1"]
[WhiteElo "1778"]
[BlackElo "2125"]
[PlyCount "54"]
[EventDate "2023.??.??"]
[WhiteTeam "SK Friedberg im Gehoerl. Sportverein"]
[BlackTeam "Truemmerfeld"]

1. e4 c5 2. Nf3 e6 3. Nc3 a6 4. d4 b5 5. dxc5 Bxc5 6. a3 Bb7 7. Bd3 Ne7 8. O-O Ng6 9. Qe2 Nc6 10. Bd2 O-O 11. Rad1 Qc7 12. Rfe1 f6 13. Na2 Nge5 14. Nxe5 Nxe5 15. Be3 Rac8 16. Rc1 Rfd8 17. h3 Qb6 18. Bxc5 Qxc5 19. Qf1 Rc7 20. Qe2 Rdc8 21. Qd2 Qd4 22. Qb4 Qxb4 23. axb4 Nc4 24. b3 Ne5 25. f3 d5 26. exd5 Bxd5 27. Kf2 Bxb3 0-1

[Event "Schachfestival Senioren"]
[Site "Bad Woerishofen"]
[Date "2023.03.03"]
[Round "1.14"]
[White "Remensberger, Hansuli"]
[Black "Kundt, Guenther"]
[Result "1/2-1/2"]
[WhiteElo "2103"]
[BlackElo "1776"]
[PlyCount "100"]
[EventDate "2023.??.??"]
[WhiteTeam "Chessflyers"]
[BlackTeam "SSC Graal-MÃ¼ritz"]

1. c4 e6 2. Nf3 Nf6 3. Nc3 d5 4. e3 Be7 5. b3 O-O 6. Bb2 b6 7. cxd5 Nxd5 8. Nxd5 exd5 9. d4 Bg4 10. Be2 Bxf3 11. Bxf3 Bb4+ 12. Kf1 f5 13. g3 c6 14. Kg2 Nd7 15. Rc1 Rc8 16. Rxc6 Nf6 17. Rxc8 Qxc8 18. Qd3 Qd7 19. Rc1 Rc8 20. Rxc8+ Qxc8 21. Qb5 Qc2 22. Qe2 Qb1 23. a3 Be1 24. h3 Ne4 25. Bxe4 fxe4 26. Qh5 Kf8 27. Qf5+ Ke7 28. Qe5+ Kf8 29. Qd6+ Ke8 30. Qc6+ Ke7 31. Qc1 Qxc1 32. Bxc1 Bc3 33. Kf1 b5 34. Ke2 Kd7 35. Bd2 Bb2 36. Bb4 a5 37. Bc5 Bc3 38. a4 Kc6 39. Ba3 g6 40. f3 h5 41. Bc1 Kb6 42. g4 Bb4 43. f4 Be7 44. Bd2 b4 45. Be1 Kc6 46. Bg3 hxg4 47. hxg4 Bd6 48. Kf2 Kd7 49. f5 Bxg3+ 50. Kxg3 g5 1/2-1/2

[Event "Schachfestival Senioren"]
[Site "Bad Woerishofen"]
[Date "2023.03.03"]
[Round "1.15"]
[White "Matzat, Andre"]
[Black "Bjorgvik, Jan Arne"]
[Result "1-0"]
[WhiteElo "2092"]
[BlackElo "1764"]
[PlyCount "75"]
[EventDate "2023.??.??"]
[WhiteTeam "Oberhausener SV 1887 e. V."]
[BlackTeam "NSF"]

1. d4 d5 2. Nf3 Nf6 3. c3 e6 4. Bf4 Bd6 5. e3 Bxf4 6. exf4 O-O 7. Nbd2 Re8 8. Bd3 b6 9. h4 Bb7 10. h5 h6 11. Ne5 Ne4 12. Qe2 Nxd2 13. Qxd2 f6 14. Nf3 Nd7 15. O-O-O e5 16. fxe5 fxe5 17. dxe5 Nxe5 18. Nxe5 Rxe5 19. Rhe1 Rxe1 20. Rxe1 Qf6 21. Bc2 Rf8 22. f3 c5 23. Qd3 Kf7 24. Qe3 Bc8 25. Bg6+ Kg8 26. Qe5 Qxe5 27. Rxe5 Rd8 28. Kc2 a5 29. b3 b5 30. a3 Kf8 31. b4 axb4 32. axb4 c4 33. Kd2 Bb7 34. Ke3 Ba8 35. Kd4 Bc6 36. Kc5 Be8 37. Rxe8+ Rxe8 38. Bxe8 1-0

[Event "Schachfestival Senioren"]
[Site "Bad Woerishofen"]
[Date "2023.03.03"]
[Round "1.16"]
[White "Sakowski, Christian"]
[Black "Rueberg, Jobst"]
[Result "1/2-1/2"]
[WhiteElo "1761"]
[BlackElo "2090"]
[PlyCount "64"]
[EventDate "2023.??.??"]
[WhiteTeam "SC Muelheim 08/25 e.V."]
[BlackTeam "SV Ahlen 1954 e. V."]

1. d4 Nf6 2. Nf3 e6 3. Bf4 c5 4. c3 Be7 5. e3 b6 6. Bd3 O-O 7. h3 Ba6 8. O-O Bxd3 9. Qxd3 Nc6 10. Nbd2 d5 11. Ne5 Rc8 12. Rfe1 Nd7 13. Ndf3 Ncxe5 14. Nxe5 Nxe5 15. Bxe5 Bd6 16. Bxd6 Qxd6 17. Rad1 Rfd8 18. e4 cxd4 19. Qxd4 Qf8 20. Qe3 dxe4 21. Qxe4 Rc7 22. Qe2 Rcd7 23. Rxd7 Rxd7 24. Rd1 Qd8 25. Rxd7 Qxd7 26. Kf1 Kf8 27. Ke1 Qd5 28. Qd2 Qe4+ 29. Kf1 Ke7 30. b3 Qb1+ 31. Ke2 Qe4+ 32. Kf1 Qb1+ 1/2-1/2

[Event "Schachfestival Senioren"]
[Site "Bad Woerishofen"]
[Date "2023.03.03"]
[Round "1.17"]
[White "Larem, Ewald"]
[Black "Wenske, Hardy"]
[Result "1-0"]
[WhiteElo "2070"]
[BlackElo "1761"]
[PlyCount "91"]
[EventDate "2023.??.??"]
[WhiteTeam "SC Rotenburg"]
[BlackTeam "Kieler Schachgesellschaft"]

1. d4 d5 2. c4 c6 3. Nc3 Nf6 4. Nf3 a6 5. a4 e6 6. Bg5 Be7 7. e3 Nbd7 8. Bd3 dxc4 9. Bxc4 Nb6 10. Bd3 Nbd5 11. O-O Nxc3 12. bxc3 Nd5 13. Bxe7 Qxe7 14. Qd2 Nf6 15. e4 h6 16. Ne5 Nd7 17. Nc4 O-O 18. e5 Rd8 19. a5 f6 20. exf6 Qxf6 21. Qe3 Nf8 22. Rab1 Ng6 23. g3 Ne7 24. Qe4 Qf5 25. Qe2 Qf6 26. Rfe1 Nd5 27. Rb3 Nc7 28. Ne5 Nb5 29. Qe4 Qf5 30. Qh4 Qf6 31. Qh5 Rf8 32. f3 Qg5 33. Qxg5 hxg5 34. Re4 Rd8 35. Kf2 Bd7 36. Rg4 Be8 37. Bc4 Rd6 38. Rxg5 Bf7 39. h4 Rb8 40. h5 Rbd8 41. h6 g6 42. Nxg6 Kh7 43. Ne5 Bg8 44. Bd3+ Kxh6 45. Rg6+ Kh5 46. Rb1 1-0

[Event "Schachfestival Senioren"]
[Site "Bad Woerishofen"]
[Date "2023.03.03"]
[Round "1.19"]
[White "Neese, Hans-Joachim"]
[Black "Kirchner, Ulrich"]
[Result "1-0"]
[WhiteElo "2058"]
[BlackElo "1750"]
[PlyCount "71"]
[EventDate "2023.??.??"]
[WhiteTeam "SV Hennef 1927 e. V."]
[BlackTeam "SF Blaustein"]

1. d4 Nf6 2. Nf3 d5 3. Bf4 e6 4. Nbd2 c5 5. c3 Nc6 6. e3 Bd6 7. dxc5 Bxc5 8. Be2 O-O 9. O-O b6 10. Nd4 Bb7 11. Bg5 Rc8 12. Bd3 h6 13. Bh4 Nxd4 14. exd4 Be7 15. Re1 Nh7 16. Bg3 Bd6 17. Re3 Bxg3 18. Rxg3 Nf6 19. Qe2 Qd6 20. Re1 Rfe8 21. Qe3 Nh5 22. Qxh6 Nxg3 23. Qh7+ Kf8 24. hxg3 Ke7 25. Qxg7 Rg8 26. Qh6 Kd7 27. Nf3 Rcf8 28. Ne5+ Ke7 29. g4 Bc6 30. g5 Bd7 31. Qf6+ Ke8 32. g6 fxg6 33. Bxg6+ Rxg6 34. Qxg6+ Kd8 35. Nf7+ Rxf7 36. Qxf7 1-0

[Event "Schachfestival Senioren"]
[Site "Bad Woerishofen"]
[Date "2023.03.03"]
[Round "1.20"]
[White "Haugg, Gerhard"]
[Black "Keller, Harald"]
[Result "1/2-1/2"]
[WhiteElo "1744"]
[BlackElo "2051"]
[PlyCount "50"]
[EventDate "2023.??.??"]
[BlackTeam "SV Rottweil"]

1. e4 Nf6 2. e5 Nd5 3. d4 d6 4. f4 Bf5 5. Bd3 Bxd3 6. Qxd3 Nc6 7. a3 dxe5 8. fxe5 g6 9. Nf3 Bg7 10. O-O O-O 11. c3 Qd7 12. Nbd2 Nb6 13. Qc2 f6 14. exf6 exf6 15. Nb3 Rfe8 16. Bf4 Nd5 17. Bd2 b6 18. Rae1 Rxe1 19. Rxe1 Re8 20. c4 Rxe1+ 21. Bxe1 Ne3 22. Qe2 Qf7 23. Bf2 Bh6 24. Qd3 Nf5 25. Nbd2 Nd6 1/2-1/2

[Event "Schachfestival Senioren"]
[Site "Bad Woerishofen"]
[Date "2023.03.03"]
[Round "1.21"]
[White "Neumann, Joachim"]
[Black "Aigner, Georg"]
[Result "1/2-1/2"]
[WhiteElo "2026"]
[BlackElo "1742"]
[PlyCount "56"]
[EventDate "2023.??.??"]
[WhiteTeam "Agon Neumuenster"]
[BlackTeam "SC Taufkirchen"]

1. Nf3 d5 2. g3 Nf6 3. Bg2 Nc6 4. d4 Bg4 5. O-O Bxf3 6. Bxf3 e6 7. c4 Be7 8. Nc3 O-O 9. cxd5 exd5 10. Bg5 h6 11. Bf4 Bd6 12. Bxd6 Qxd6 13. e3 Rfe8 14. Rc1 a6 15. Qb3 Na5 16. Qc2 Rac8 17. Na4 b6 18. b3 Nb7 19. Qc6 Qxc6 20. Rxc6 Nd8 21. Rc2 Ne6 22. Rfc1 Red8 23. Be2 g5 24. Bf1 a5 25. Bd3 Ne4 26. Nc3 Nxc3 27. Rxc3 c5 28. dxc5 Nxc5 1/2-1/2

[Event "Schachfestival Senioren"]
[Site "Bad Woerishofen"]
[Date "2023.03.03"]
[Round "1.22"]
[White "Wagner, Werner"]
[Black "Mueller, Erich"]
[Result "0-1"]
[WhiteElo "1740"]
[BlackElo "2024"]
[PlyCount "66"]
[EventDate "2023.??.??"]
[WhiteTeam "SC GEMA St.Ingbert"]
[BlackTeam "SK 1962 Ladenburg"]

1. d4 Nf6 2. Bf4 g6 3. Nc3 d5 4. Nf3 c6 5. e3 Bg7 6. h3 Nbd7 7. Bd3 O-O 8. Ne5 Ne8 9. Ng4 f6 10. Bh6 e5 11. Bxg7 Kxg7 12. Qd2 Qe7 13. O-O-O e4 14. Be2 b5 15. f3 f5 16. Ne5 Nxe5 17. dxe5 Qxe5 18. f4 Qe7 19. g4 Nc7 20. g5 b4 21. Qd4+ Kg8 22. Na4 Ba6 23. Bxa6 Nxa6 24. h4 Rfd8 25. h5 c5 26. Qd2 d4 27. hxg6 hxg6 28. Rh6 dxe3 29. Qxe3 Rxd1+ 30. Kxd1 Rd8+ 31. Kc1 Qd6 32. b3 Qd1+ 33. Kb2 Rd2 0-1

[Event "Schachfestival Senioren"]
[Site "Bad Woerishofen"]
[Date "2023.03.03"]
[Round "1.23"]
[White "Steinberg, Sven"]
[Black "Schestak, Herbert"]
[Result "1/2-1/2"]
[WhiteElo "2011"]
[BlackElo "1729"]
[PlyCount "37"]
[EventDate "2023.??.??"]
[WhiteTeam "TSV Trostberg"]

1. e4 c6 2. d4 d5 3. e5 Bf5 4. h4 h5 5. Bd3 Bxd3 6. Qxd3 e6 7. Bg5 Be7 8. Nf3 Nd7 9. O-O Nh6 10. Nbd2 Nf5 11. g3 O-O 12. Rfe1 c5 13. Bxe7 Qxe7 14. c4 dxc4 15. Nxc4 cxd4 16. Nxd4 Nxd4 17. Qxd4 Rfd8 18. Qe3 Qc5 19. b3 1/2-1/2

[Event "Schachfestival Senioren"]
[Site "Bad Woerishofen"]
[Date "2023.03.03"]
[Round "1.24"]
[White "Fuchs, Joachim"]
[Black "Witte, Ronald"]
[Result "1/2-1/2"]
[WhiteElo "1728"]
[BlackElo "2009"]
[PlyCount "35"]
[EventDate "2023.??.??"]
[WhiteTeam "SC Starnberg"]
[BlackTeam "BSV 63 Chemie Weissensee"]

1. e4 c5 2. Nf3 d6 3. h3 Nf6 4. Nc3 a6 5. a4 Nc6 6. d4 cxd4 7. Nxd4 Bd7 8. Nb3 e6 9. Be2 Be7 10. O-O O-O 11. Be3 Na5 12. Nxa5 Qxa5 13. Bf3 Bc6 14. Qd4 Qc7 15. Qb6 Qc8 16. a5 Nd7 17. Qb3 Qc7 18. Bd4 1/2-1/2

[Event "Schachfestival Senioren"]
[Site "Bad Woerishofen"]
[Date "2023.03.03"]
[Round "1.25"]
[White "Nordby, Bernt"]
[Black "Kumeth, Hartmut"]
[Result "1-0"]
[WhiteElo "2001"]
[BlackElo "1724"]
[PlyCount "103"]
[EventDate "2023.??.??"]
[WhiteTeam "Fredrikstad Schakselskap"]
[BlackTeam "SK Union Oldenburg"]

1. d4 Nf6 2. c4 e6 3. Nc3 d5 4. Bg5 Be7 5. e3 c6 6. Nf3 O-O 7. Qc2 Nh5 8. Bxe7 Qxe7 9. Bd3 g6 10. O-O Nd7 11. Rae1 f5 12. Ne5 Nxe5 13. dxe5 dxc4 14. Bxc4 Qc5 15. Be2 Ng7 16. f4 Qxe3+ 17. Kh1 Qc5 18. Rd1 b5 19. Qd3 a5 20. Qd6 Qb6 21. Bxb5 Bb7 22. Bc4 Rad8 23. Qe7 Rfe8 24. Na4 Rxd1 25. Qxe8+ Nxe8 26. Nxb6 Rxf1+ 27. Bxf1 Kf7 28. Nd7 Nc7 29. Nc5 Bc8 30. a3 Nd5 31. g3 h6 32. Kg2 Ne3+ 33. Kg1 Ke7 34. Be2 g5 35. Kf2 gxf4 36. gxf4 Nd5 37. Kg3 Bd7 38. Nb7 a4 39. Nc5 Nb6 40. Kf3 Be8 41. Kg3 h5 42. Bd1 Nc4 43. Bxa4 Nb6 44. Bd1 Nd5 45. b4 Bf7 46. Bb3 Kd8 47. Kf3 Kc7 48. Bxd5 exd5 49. Ke3 Kb6 50. a4 Kc7 51. h4 d4+ 52. Kxd4 1-0

[Event "Schachfestival Senioren"]
[Site "Bad Woerishofen"]
[Date "2023.03.03"]
[Round "1.26"]
[White "Schilling, Hans"]
[Black "Heppell, Ian N"]
[Result "1/2-1/2"]
[WhiteElo "1724"]
[BlackElo "1965"]
[PlyCount "32"]
[EventDate "2023.??.??"]
[WhiteTeam "SF Nordost Berlin"]
[BlackTeam "Wimbledon"]

1. d4 d6 2. Nf3 f5 3. Nc3 Nf6 4. Bg5 Nbd7 5. Qd3 g6 6. e4 fxe4 7. Nxe4 Bg7 8. h3 O-O 9. O-O-O c6 10. Nxf6+ Nxf6 11. Qb3+ Kh8 12. Bc4 a5 13. Qe3 b5 14. Be6 Ra7 15. h4 Bxe6 16. Qxe6 Qd7 1/2-1/2

[Event "Schachfestival Senioren"]
[Site "Bad Woerishofen"]
[Date "2023.03.03"]
[Round "1.27"]
[White "Fiedler, Wolfgang"]
[Black "Meul, Willi"]
[Result "1-0"]
[WhiteElo "1990"]
[BlackElo "1722"]
[PlyCount "29"]
[EventDate "2023.??.??"]
[WhiteTeam "SC Schwarz-Weiss Nuernberg Sued e.V."]
[BlackTeam "Bruehler SK 1920 e. V."]

1. f4 d5 2. Nf3 c5 3. c3 Nc6 4. d4 e6 5. e3 a6 6. Bd3 Nf6 7. Nbd2 Bd6 8. Ne5 Qc7 9. O-O O-O 10. Qf3 b5 11. Qh3 c4 12. Bc2 b4 13. e4 Qb6 14. Nxc6 Qxc6 15. e5 1-0